000 00947nam a22002777a 4500
001 00225
003 DO-SdBNP
005 20170208132419.0
007 00225
008 160418b dr 1997||||| |||| 00| 0 spa d
040 _aBPMSU
_bspa
_cBPM,SU
082 0 4 _a372.6561
_bL566e 4to 1997
245 0 0 _aLengua española cuarto grado /
_cdirección editorial Lourdes Camilo de Cuello
260 _aSanto Domingo :
_bSecretaría de Estado de Educación y Cultura
_c1997
300 _a179 p. :
_bil. ;
_c27 cm.
500 _a¡Ha llegado la hora de la escuela !
650 4 _aESPAÑOL
_xENSEÑANZA BÁSICA
650 4 _aESPAÑOL
_xESTUDIOS Y EJERCICIOS
650 4 _aESPAÑOL
_xLIBROS DE TEXTOS
650 4 _aEDUCACIÓN PRIMARIA
_zREPÚBLICA DOMINICANA
650 4 _aEDUCACIÓN PRIMARIA
_zREPÚBLICA DOMINICANA
700 1 _a Camilo de Cuello, Lourdes
910 _aValidado. Control de calidad MFF
942 _2ddc
_cBK
956 _aBrenda Tavárez
999 _c9815
_d9815